Southville International School and Colleges
Your cart is empty.
  • Cart
  • Lists
    Public lists Eva Luna New books Lux_list list_1
    Your lists Log in to create your own lists
  • Log in to your account
  • Your cookies
  • Search history
Southville International School and Colleges
  • Advanced search
  • Recent comments
  • Most popular
  • Libraries

Log in to your account

Log in with GOOGLE


If you do not have an external account, but do have a local account, you can still log in:

  1. Home
  2. MARC view: Jewelry and accessories /
Normal view MARC view ISBD view

Jewelry and accessories / (Record no. 288042)

[ view plain ]
MARC details
000 -LEADER
fixed length control field 00495nam a2200157Ia 4500
008 - FIXED-LENGTH DATA ELEMENTS--GENERAL INFORMATION
fixed length control field 150610s9999 xx 000 0 und d
020 ## - INTERNATIONAL STANDARD BOOK NUMBER
International Standard Book Number 1410900290
050 ## - LIBRARY OF CONGRESS CALL NUMBER
Classification number GT2250
Item number .R49 2003
100 ## - MAIN ENTRY--PERSONAL NAME
Personal name Reynolds, Helen
245 ## - TITLE STATEMENT
Title Jewelry and accessories /
Statement of responsibility, etc Helen Reynolds.
260 ## - PUBLICATION, DISTRIBUTION, ETC. (IMPRINT)
Place of publication, distribution, etc USA :
Name of publisher, distributor, etc Reed Eslsevier, Inc.,
Date of publication, distribution, etc 2003.
300 ## - PHYSICAL DESCRIPTION
Extent 32pages :
Other physical details col. illustrations ;
Dimensions 29 cm.
504 ## - BIBLIOGRAPHY, ETC. NOTE
Bibliography, etc Includes index.
520 ## - SUMMARY, ETC.
Summary, etc Juvenile literature.
650 ## - SUBJECT ADDED ENTRY--TOPICAL TERM
Topical term or geographic name as entry element Dress accessories
General subdivision Juvenile literature.
Holdings
Withdrawn status Lost status Damaged status Home library Current library Shelving location Date acquired Total Checkouts Full call number Barcode Date last seen Price effective from Koha item type
      Stonyhurst Southville International School (Batangas) Stonyhurst Southville International School (Batangas) High School Section 06/10/2015   GT2250 .R49 2003 US-1278 06/10/2015 06/10/2015 Books

Jewelry and accessories /

APA

Reynolds H., . (2003). Jewelry and accessories. USA: Reed Eslsevier, Inc.

Chicago

Reynolds Helen, . 2003. Jewelry and accessories. USA: Reed Eslsevier, Inc.

Harvard

Reynolds H., . (2003). Jewelry and accessories. USA: Reed Eslsevier, Inc.

MLA

Reynolds Helen, . Jewelry and accessories. USA: Reed Eslsevier, Inc. 2003.

  • Place hold
  • Print
  • Cite
  • Add to your cart (remove)
  • Save record
    BIBTEX Dublin Core MARCXML MARC (non-Unicode/MARC-8) MARC (Unicode/UTF-8) MARC (Unicode/UTF-8, Standard) MODS (XML) RIS
  • More searches
    Search for this title in:
    Other Libraries (WorldCat) Other Databases (Google Scholar) Online Stores (Bookfinder.com) Open Library (openlibrary.org)

Exporting to Dublin Core...

SOUTHVILLE LIBRARY

Southville International School and Colleges Library

1281 Tropical Ave. Cor. Luxembourg St., BF Homes International, Las Pinas City

Tel. No. 8256374 / 252358 Loc. 117/146

Powered by Koha